000 01153nam a2200253 a 4500
001 47236
003 BD-RjUL
005 20211209054300.0
008 160807s1973 bg ||||| |||| 00| 0 ben d
020 _c: Tk.6.50
035 _a(BD-RjUL)47355
040 _aBD-RjUL
_bben
_cBD-RjUL
_dBD-RjUL
041 _aben
082 _223
_a338.9
_bLEA 1973
100 _aলুইস, ডব্লিউ. আর্থার
_9143806
245 1 0 _aঅর্থনৈতিক পরিকল্পনা ও তার মূলনীতি /
_cডব্লিউ. আর্থার লুইস, মোহাম্মদ তোফাজ্জল হোসেন অনূদিত
250 _aনব-সং.
260 _aঢাকা :
_bবাংলা একাডেমী,
_c১৯৭৩.
300 _a[চৌদ্দ], ১৫১ পৃ. ;
_c২৪ সেমি.
650 _aঅর্থনৈতিক প্রবৃদ্ধি ও উন্নয়ন
_9143807
650 _aEconomic growth and development
_9143808
700 _aহোসেন, মোহাম্মদ তোফাজ্জল অনূদিত
_9143809
942 _2ddc
_cBK
999 _c47236
_d47236